01542nam a2200241 i 45000010005000000030009000050050017000140080039000310400021000700800013000910840011001041000144001152450319002592600071005783000025006495000021006745200436006956500030011316500015011616500024011766550030012007110070012306325KOSZ 00520180116082945.0150316s2003 pl a f f |100 0 pol cBPKdKOSZ 005/EG a519.7/.8 a004.941 aKRZYŻYŃSKI, Tomasz.d1997 - .bPolitechnika Koszalińska - Wydział Mechaniczny,cKatedra Mechaniki Precyzyjnej - Zakład Mechatroniki aSymulacja w badaniach i rozwoju :bzbiór referatów IX Warsztatów Naukowych PTSK, Koszalin-Osieki 28-31 sierpnia 2002 /cpod red. Tomasza Krzyżyńskiego i Andrzeja Tylikowskiego ; Polskie Towarzystwo Symulacji Komputerowej, Wydział Mechaniczny Politechniki Koszalińskiej, Centrum Informatyczne "Kosman". aWarszawa :bWydaw. Uczelniane Politechniki Koszalińskiej,c2003. a303 s. :brys., tab. aDane z autopsji. aKsiążka zawiera zbiór wygłoszonych referatów na Warsztatach Naukowych PTSK "Symulacja w badaniach i rozwoju" o bardzo szerokiej tematyce, która obejmowała między innymi: symulacje w mechanice, fizyce, chemii i informatyce, symulacje różnorodych procesów technologicznych i układów technicznych, metody numeryczne i algorytmy symulacyjne, inteligencję obliczeniową oraz symulacje układów biologicznych. 0aCybernetyka matematyczna. 0aSymulacja. 0aAnaliza numeryczna. 0aMateriały konferencyjne.22aWarsztaty Naukowe PTSKn(9 ;d2002 ;cKoszalin - Osieki, Polska).